Expansión de los derechos fundamentales por la Corte Suprema. Jurisprudencia del recurso de protección.

שמור ב:
מידע ביבליוגרפי
מחבר ראשי: Pinochet Canwell, Francisco José (autor)
מחברים אחרים: Soto Kloss, Eduardo (prólogo)
פורמט: לא ידוע
שפה:אנגלית
יצא לאור: Santiago, Chile: El Jurista, 2022.
מהדורה:1ª Edición.
נושאים:
תגים: הוספת תג
אין תגיות, היה/י הראשונ/ה לתייג את הרשומה!

MARC

LEADER 00000 a2200000 4500
003 CL-VaPUC
005 20220824111745.0
008 220516b2022 ||||| |||| 00| 0 eng d
999 |c 435616  |d 435614 
020 |a 9789563670936 
040 |c Pontificia Universidad Católica de Valparaíso 
082 0 4 |2 22  |a 342.00264 PIN 2022 
100 1 |a Pinochet Canwell, Francisco José   |9 869192  |e autor 
245 1 0 |a Expansión de los derechos fundamentales por la Corte Suprema.  |b Jurisprudencia del recurso de protección.  
250 |a 1ª Edición. 
260 |a Santiago, Chile:  |b El Jurista,  |c 2022. 
300 |a 543 páginas. 
500 |a Estudio profundizado y actualización sobre sus orígenes, evolución, doctrina, jurisprudencia y derecho comparado.  
583 |k Cristina María Rojas Aguilar  |c 20220516 
650 1 |a Recurso de protección  |x Jurisprudencia  |9 862183 
650 1 |a Derechos fundamentales  |x Recurso de protección  |9 875254 
650 1 |a Recurso de protección   |x Derecho constitucional  |9 875255 
700 |a Soto Kloss, Eduardo  |e prólogo  |9 869061 
942 |2 ddc  |c BK 
952 |0 0  |1 0  |2 ddc  |4 0  |6 342_002640000000000_PIN_2022  |7 0  |8 A  |9 583071  |a BIBDER  |b BIBDER  |c GEN  |d 2022-05-16  |e 22  |g 65500.00  |i 5651227  |l 2  |o 342.00264 PIN 2022  |p 5651227  |r 2024-04-22  |s 2024-04-17  |t 1  |v 65500.00  |w 2022-05-16  |y BK  |k DER